| 000 | 00376nam a2200133Ia 4500 | ||
|---|---|---|---|
| 008 | 231017s9999 xx 000 0 und d | ||
| 082 | _a388.1120994 | ||
| 082 | _bEME | ||
| 245 | 0 | _aEconomic Evaluation Road Investigation Proposals Valuation of Benefits of Roadside its Initiatives (AP-R216) | |
| 245 | 0 | _cAustroads | |
| 260 | _bAustroads | ||
| 300 | _c30cm | ||
| 942 | _cREP | ||
| 999 |
_c604291 _d604291 |
||